00450cam a22001931 4500001000800000005001700008008004100025010001700066015001500083035001800098040003600116041000800152042001200160080001400172082001400186100000700200101000800207245004100215885382520180122034632.0720622s1953 enk d 000 0 eng  a 54000776  aGB53-12582 a(OCoLC)338636 aDLCcODaWUdOCoLCdPPidUkdDLC aeng apremarc a808.8 PRE a808.8 PRE a47 aEDU04aThe Oxford dictionary of quotations.